00357nam a2200109Ia 4500008004100000245008800041260003500129260000900164300000900173650001300182856005200195170516s9999 xx 000 0 und d 2aA Bootstrapping Approach for Entity Linking from Biomedical Literature U. Kanimozhi bAsian Journal of Pharmaceutics c2017 a11:1 xPharmacy uhttp://www.asiapharmaceutics.info/index.php/ajp